Trồng cây trong trang trại chuối-ca cao
Nêu lợi ích, đặc tính, kỹ thuật trồng và chăm sóc cây chuối, ca cao, phòng trừ sâu bệnh, phương pháp sơ chế bảo quản cây chuối, ca cao.
Guardat en:
| Autor principal: | |
|---|---|
| Format: | Llibre |
| Idioma: | Undetermined |
| Publicat: |
Hà Nội
Lao động
2005
|
| Matèries: | |
| Etiquetes: |
Afegir etiqueta
Sense etiquetes, Sigues el primer a etiquetar aquest registre!
|
| Thư viện lưu trữ: | Trung tâm Học liệu Trường Đại học Cần Thơ |
|---|
| LEADER | 00788nam a2200205Ia 4500 | ||
|---|---|---|---|
| 001 | CTU_97115 | ||
| 008 | 210402s9999 xx 000 0 und d | ||
| 020 | |c 10000 | ||
| 082 | |a 634.772 | ||
| 082 | |b T400 | ||
| 100 | |a Nguyễn, Văn Tó | ||
| 245 | 0 | |a Trồng cây trong trang trại chuối-ca cao | |
| 245 | 0 | |c Nguyễn Văn Tó, Phan Thị lài | |
| 260 | |a Hà Nội | ||
| 260 | |b Lao động | ||
| 260 | |c 2005 | ||
| 520 | |a Nêu lợi ích, đặc tính, kỹ thuật trồng và chăm sóc cây chuối, ca cao, phòng trừ sâu bệnh, phương pháp sơ chế bảo quản cây chuối, ca cao. | ||
| 650 | |a Bananas,Tropical fruit,Cocoa | ||
| 904 | |i Tuyến | ||
| 980 | |a Trung tâm Học liệu Trường Đại học Cần Thơ | ||